[Event "Minsk op"]
[Site "Minsk"]
[Date "2023.11.09"]
[Round "7"]
[White "Popova, Serafima P"]
[Black "Babich, Daniil"]
[Result "1-0"]
[WhiteElo "1302"]
[BlackElo "1800"]
[PlyCount "101"]
[EventDate "2023.11.03"]
[EventType "swiss"]
[EventRounds "9"]
[EventCountry "BLR"]
[SourceTitle "CB46_2023"]
[SourceDate "2023.11.15"]
[SourceVersion "1"]
[SourceVersionDate "2023.11.15"]
[SourceQuality "1"]

1. e4 Nf6 2. e5 Nd5 3. d4 d6 4. Bc4 Nb6 5. Bb3 Nc6 6. e6 Bxe6 7. d5 Qd7 8. dxe6 fxe6 9. Nf3 0-0-0 10. Ng5 d5 11. Nf7 Rg8 12. Nxd8 Qxd8 13. 0-0 e5 14. Nc3 e6 15. Qg4 Qf6 16. Nxd5 Nxd5 17. Bxd5 Nd8 18. Bg5 Qg6 19. Be4 Qf7 20. Bxd8 Kxd8 21. Rad1+ Bd6 22. Bxh7 Rh8 23. Be4 Kc8 24. Qg3 Kb8 25. Qb3 b6 26. Qa4 Kc8 27. Qa6+ Kd8 28. Qxa7 Ke7 29. Rd3 Qf4 30. h3 Qxe4 31. Rfd1 Kf6 32. Qa6 Rh6 33. Rf3+ Kg6 34. Qc8 Kh7 35. Qa6 Qxc2 36. Qd3+ Qxd3 37. Rfxd3 Rf6 38. Rf3 Rxf3 39. gxf3 Kg6 40. a4 Kf6 41. Kf1 g6 42. Ke2 Kg5 43. Ke3 Kf5 44. h4 Bc5+ 45. Ke2 Bd4 46. Rc1 c5 47. b3 e4 48. Rg1 exf3+ 49. Kxf3 Kf6 50. Ke4 Kf7 51. b4 1-0